Vista normal
Vista MARC
Entrada Personal Name
Número de registros utilizados en: 2
001 - CONTROL NUMBER
- control field: 48727
003 - CONTROL NUMBER IDENTIFIER
- control field: OSt
005 - DATE AND TIME OF LATEST TRANSACTION
- control field: 20241126091624.0
008 - FIXED-LENGTH DATA ELEMENTS
- fixed length control field: 241126|| aca||aabn | a|a d
040 ## - CATALOGING SOURCE
- Original cataloging agency: OSt
- Transcribing agency: OSt
100 ## - HEADING--PERSONAL NAME
- Personal name: Jorge Alejandro Castaño Tobón
670 ## - SOURCE DATA FOUND
- Source citation: Work cat.: (OSt)43369: Jorge Alejandro Castaño Tobón, Testimonio de El suicidio que nunca pasó, gracias al Espíritu Santo